Mechanics of machines / (Record no. 5409)

MARC details
000 -LEADER
fixed length control field 00673nac a22002171u 4500
010 ## - LIBRARY OF CONGRESS CONTROL NUMBER
LC control number 90034523
020 ## - INTERNATIONAL STANDARD BOOK NUMBER
International Standard Book Number 083113030X :
082 00 - DEWEY DECIMAL CLASSIFICATION NUMBER
Classification number 621.811
Item number RYD
090 ## - LOCALLY ASSIGNED LC-TYPE CALL NUMBER (OCLC); LOCAL CALL NUMBER (OCLC)
-- 5409
-- 5409
100 ## - MAIN ENTRY--PERSONAL NAME
Personal name Ryder, G. H.
245 10 - TITLE STATEMENT
Title Mechanics of machines /
Statement of responsibility, etc G.H. Ryder and M.D. Bennett.
250 ## - EDITION STATEMENT
Edition statement 2nd ed.
260 ## - PUBLICATION, DISTRIBUTION, ETC. (IMPRINT)
Place of publication, distribution, etc New York, NY :
Name of publisher, distributor, etc Industrial Press,1990
Date of publication, distribution, etc c1990.
300 ## - PHYSICAL DESCRIPTION
Extent vii, 335 p. :
Other physical details ill. ;
Dimensions 25 cm.
500 ## - GENERAL NOTE
General note Includes index.
500 ## - GENERAL NOTE
General note distributer: Al-Ahram
511 ## - PARTICIPANT OR PERFORMER NOTE
Participant or performer note catalogued by: wessam
650 #0 - SUBJECT ADDED ENTRY--TOPICAL TERM
Topical term or geographic name as entry element Mechanical engineering.
700 1# - ADDED ENTRY--PERSONAL NAME
Personal name Bennett, M. D.
Fuller form of name (Michael David)
942 ## - ADDED ENTRY ELEMENTS (KOHA)
Item type Book - Borrowing
Call number prefix 621.811RYD
Holdings
Withdrawn status Item status Damaged status Not for loan Home library Current library Shelving location Date acquired Source of acquisition Total Checkouts Full call number Barcode Date last seen Koha item type
        Central Library Central Library First floor 25/10/2007 Purchase   621.811RYD 000006631 15/07/2025 Book - Borrowing